000 00372nam a2200145Ia 4500
008 230718s9999 xx 000 0 und d
041 _aEng.
082 _a174.3
_bملک-ق
100 _aملک، ارشاد ، احمد
245 0 _aقانون اخلاقیات
260 _aPakistan
_bمنصور بک ھائوس
_c2002
300 _a112
650 _aLaw
999 _c29516
_d29516